000 01081cam a22003497a 4500
003 CHAP
005 20220329135253.0
008 971013s1961 r 00010 d
010 _a33585
011 _a34557
035 _a38673
040 _cCHAP
090 _aFolleto 3257
100 0 0 _aMedcalf, J. C.
_973837
245 1 3 _aEl uso de herbicidas pregerminativos para el control de las malas hierbas en cafetales nuevos
260 _aNew York :
_bIBEC Research Institute,
_c1961
300 _a42 p
490 0 _aIBEC
_v; 25
590 _aBATCH-UPD
_b10
_c20130110
_lUCH01
_h0909
590 _aBATCH-UPD
_b10
_c20130410
_lUCH01
_h0535
590 _aBATCH-UPD
_b10
_c20130914
_lUCH01
_h0757
590 _aCONVERSION
_b10
_c20130109
_lUCH01
_h1319
650 1 4 _aCafé
_xMalas hierbas
_xControl.
_917167
650 1 4 _aHerbicidas.
_953691
650 1 4 _aMalas hierbas
_xControl.
_970011
700 0 _aBontempo A.
_913757
700 0 _aFavre, G.
_939872
830 0 _aIBEC
_v; 25
_957213
901 _aBK
942 _cFOLL
949 _aFolleto 3257
_bBC
_cFOLL
_d-88409
_eTS1
_i38673
_mD
_si
999 _c33585
_d33585